|
|
|
|
| LEADER |
00000nab a2200000 a 4500 |
| 001 |
vtls000914481 |
| 003 |
SK-MaSNL |
| 005 |
20260302174018.0 |
| 008 |
190318e19911015xo 0 slo |
| 035 |
|
|
|a KE23373
|
| 040 |
|
|
|a KEVKJB
|b slo
|c KEVKJB
|e AACR2
|
| 041 |
0 |
|
|a slo
|
| 044 |
|
|
|a xo
|c SK
|
| 080 |
|
|
|a 334.72
|2 1981
|
| 100 |
0 |
|
|a /sch/
|4 aut
|9 882854
|
| 245 |
1 |
0 |
|a Najatraktívnejší bol Dom módy
|b V Košiciach vylicitovali ďalších 11 prevádzok.
|
| 650 |
0 |
7 |
|a dražby verejné
|2 KEVKJB
|9 882855
|
| 650 |
0 |
7 |
|a objekty vydražené
|2 KEVKJB
|9 882307
|
| 650 |
0 |
7 |
|a priebeh
|2 KEVKJB
|9 29559
|
| 650 |
0 |
7 |
|a výsledky
|2 KEVKJB
|9 493505
|
| 650 |
0 |
7 |
|a informácie
|2 KEVKJB
|9 1285
|
| 651 |
|
7 |
|a Košice (Slovensko)
|2 KEVKJB
|9 18694
|
| 651 |
|
7 |
|a KE,
|2 KEVKJB
|9 877256
|
| 655 |
|
7 |
|a periodikum
|2 snkbucl
|9 29553
|
| 773 |
0 |
8 |
|t Slovenský východ
|g Roč. 1
|g Roč. 20, č.242, 15.10.1991, s. 4
|
| 852 |
|
|
|a ZVYKNI
|b KIS3GCP
|
| 999 |
|
|
|c 1402849
|d 1404779
|